| 000 | 01042nam a2200289Ia 4500 | ||
|---|---|---|---|
| 001 | u23116 | ||
| 003 | SIRSI | ||
| 005 | 20180219123754.0 | ||
| 007 | he|amb|||bacu | ||
| 008 | 011113s1989 ua a bb 000 0 eng d | ||
| 039 | 9 |
_a200207271158 _bsoso _y200203190956 _zload |
|
| 040 | _aEAL | ||
| 090 |
_aThesis _bS-4201 |
||
| 100 | 1 | _aHebicha, Hussien Abd- Elmoniem Ahmed. | |
| 245 | 1 | 0 |
_aCatfish pond harvesting effluent pollution control and costs for west central Alabama _h[microform] / _cHussien Abd-Elmoniem Ahmed Hebicha. |
| 260 | _c1989. | ||
| 300 |
_a113 leaves : _bill. ; _c30 cm. |
||
| 502 | _aThesis (Ph.D.)-- Auburn University, 1989. | ||
| 504 | _aIncludes bibliographical references (leaves 95-99) | ||
| 533 |
_aMicrofiche. _bASUNET, _cAin Shams University, _e2 microfiches : negative. |
||
| 596 | _a1 | ||
| 650 | 0 |
_aCatfishes _xDiseases and pests _xControl. |
|
| 650 | 0 |
_aFish ponds _zAlabama. |
|
| 650 | 0 |
_aFishes _xEffect of water pollution on. |
|
| 910 | _aS.A. | ||
| 942 |
_cMIC _2lcc |
||
| 999 |
_c3604 _d3604 |
||